000 00626nam a22001937a 4500
999 _c195321
_d195321
005 20230317145048.0
010 _aENG-136459
020 _c895.00
_a9788181982506
035 _aEN-119991
037 _bDBAD/PUB
082 _a006
100 _aBhargava, Neeraj
245 _aFundamental Of Multimedia /
_cBy Neeraj Bhargava; Ritu Bhargava and Ajay Gaur
250 _aFirst
260 _bUniversity Book House Pvt Ltd
_aJaipur
_c2011
270 _a79,Chaura Rasta
_bJaipur
_e3
_k01412311466
_k01412313382
_muni_bookhouse@yahoo.com
_l01414013697
300 _a195p.
_c23cm(hbk)
942 _2ddc
_cEN
_h006
_mNEE